| 000 | 00534nam a2200157 4500 | ||
|---|---|---|---|
| 001 | 114104 | ||
| 003 | ES-MaACL | ||
| 005 | 20230906190058.0 | ||
| 007 | t| | ||
| 008 | 061121s1965 sp r ||||1| spa d | ||
| 245 | 0 | 0 |
_aNotas sobre la biblioteca y sus adquisiciones _b: año 1964. |
| 260 |
_aBurgos : _bBiblioteca pública provincial `Fray Francisco de Vitoria`, _c1965. |
||
| 300 |
_a28 p. ; _c21 cm. |
||
| 710 | 2 |
_aBiblioteca Pública Provincial "Fray Francisco de Vitoria" (Burgos) _92207 |
|
| 852 |
_aES-MaACL _j2074-F-23 _bR.57454 |
||
| 999 |
_c114104 _d114104 |
||